[Event "PRO League Group Stage"]
[Site "masterchessopen.com chess.com INT"]
[Date "2017.02.15"]
[Round "6"]
[White "O'Cinneide,M"]
[Black "Klein,Da"]
[Result "0-1"]
[WhiteElo "2227"]
[BlackElo "2509"]

1.Nf3 d5 2.c4 e6 3.g3 Nf6 4.Bg2 dxc4 5.O-O Nc6 6.Qa4 Bd7 7.Qxc4 e5 8.d3 Bd6
9.a3 O-O 10.b4 b5 11.Qc2 a5 12.bxa5 Rxa5 13.Bb2 Qe7 14.Nc3 Nd4 15.Nxd4 exd4
16.Ne4 Nxe4 17.Bxe4 c5 18.e3 dxe3 19.fxe3 Ra4 20.d4 Rc4 21.Qd3 h5 22.Bd5 Be6
23.Bxe6 Qxe6 24.dxc5 Bxc5 25.Bd4 Rd8 26.Rad1 Rdxd4 27.exd4 Rxd4 28.Qc2 Rc4+
{#R} 0-1

[Event "PRO League Group Stage"]
[Site "masterchessopen.com chess.com INT"]
[Date "2017.02.15"]
[Round "6"]
[White "O'Cinneide,M"]
[Black "Van der Lende,I"]
[Result "0-1"]
[WhiteElo "2227"]
[BlackElo "2315"]

1.Nf3 d5 2.c4 e6 3.g3 Nf6 4.Bg2 dxc4 5.O-O c5 6.Na3 a6 7.Nxc4 b5 8.Nfe5 Ra7
9.Nc6 Nxc6 10.Bxc6+ Bd7 11.Ne5 Rc7 12.Bg2 Bd6 13.Nxd7 Qxd7 14.a4 O-O 15.d3 Nd5
16.Bd2 Be5 17.Qc2 Rfc8 18.Bc3 Nxc3 19.bxc3 b4 20.Qb3 Bxc3 21.Rac1 a5 22.Rfd1
g6 23.h4 h5 24.Bf3 Qd4 25.Kg2 c4 26.dxc4 Qxc4 27.Qxc4 Rxc4 28.Bb7 R8c7 29.Ba6
R4c5 30.Rd8+ Kg7 31.Rb8 Rd5 32.Bd3 Rdc5 33.Kf3 Kf6 34.Rb6 Ke5 35.Rd1 Bd4 36.e3
Bc3 37.Ke2 Rd5 38.Bc2 Rxd1 39.Bxd1 Rd7 40.Rb5+ Kf6 41.Bb3 Rd2+ 42.Kf3 Rb2
43.Bc4 Be1 44.Rxa5 Rxf2+ 45.Ke4 Rc2 46.Bd3 Rc3 47.Rb5 Ra3 48.a5 Bxg3 49.a6
Rxa6 50.Rxb4 Ra3 51.Bb5 Bxh4 52.Kf3 Bg5 53.Rd4 Bxe3 54.Rd3 Rxd3 55.Bxd3 Ba7
56.Be4 g5 {#R} 0-1

[Event "PRO League Group Stage"]
[Site "masterchessopen.com chess.com INT"]
[Date "2017.02.15"]
[Round "6"]
[White "Quesada Perez,Yu"]
[Black "Oussedik,E"]
[Result "1-0"]
[WhiteElo "2630"]
[BlackElo "2155"]

1.e4 c5 2.Nf3 e6 3.d4 cxd4 4.Nxd4 a6 5.g3 b6 6.Bg2 Bb7 7.O-O Qc7 8.b3 d6 9.Bb2
Nf6 10.Re1 Nbd7 11.c4 Be7 12.Nc3 O-O 13.Qd2 Rfe8 14.Rad1 Bf8 15.h3 Rac8 16.g4
g6 17.Nde2 Qb8 18.Ng3 Ne5 19.f4 Nc6 20.Nd5 exd5 21.exd5 Bg7 22.Rxe8+ Nxe8
23.Bxg7 Kxg7 24.dxc6 Bxc6 25.Qd4+ Kg8 26.Ne4 b5 27.cxb5 axb5 28.f5 Bxe4
29.Bxe4 d5 30.Bxd5 Qg3+ 31.Bg2 Rc2 32.Qe4 Qf2+ 33.Kh1 Nf6 34.Qa8+ Kg7 35.g5
Qxf5 36.gxf6+ Qxf6 37.a4 bxa4 38.bxa4 Ra2 39.Qe4 Qg5 40.Rf1 h5 41.Rxf7+ Kxf7
42.Qc4+ Kf6 43.Qxa2 Qc1+ 44.Kh2 Qf4+ 45.Kg1 Qc1+ 46.Bf1 Kg7 47.Qe2 Kh6 48.Qe4
Qc5+ 49.Kh1 Qf2 50.Bd3 Qg3 51.Qxg6+ Qxg6 52.Bxg6 Kxg6 {#r} 1-0

[Event "PRO League Group Stage"]
[Site "masterchessopen.com chess.com INT"]
[Date "2017.02.15"]
[Round "6"]
[White "Mu,Joshua"]
[Black "Guseinov,G"]
[Result "0-1"]
[WhiteElo "2203"]
[BlackElo "2643"]

1.e4 c5 2.Nf3 Nc6 3.Nc3 g6 4.d4 cxd4 5.Nxd4 Bg7 6.Be3 Nf6 7.Nxc6 bxc6 8.e5 Nd5
9.Nxd5 cxd5 10.Qxd5 Rb8 11.O-O-O O-O 12.Bxa7 Rb7 13.Bd4 Rc7 14.Qb3 Bb7 15.f4
Qa8 16.Bb6 Rcc8 17.Rxd7 e6 18.Qa3 Be4 19.Qxa8 Rxc2+ 20.Kb1 Rxa8 21.Bd3 Bxd3
22.Rxd3 Rxg2 23.Rhd1 h5 24.R3d2 Rxd2 25.Rxd2 g5 26.Be3 gxf4 27.Bxf4 Ra4 28.Rf2
h4 29.b3 Ra5 30.Re2 Kh7 31.Kb2 Kg6 32.Rg2+ Kf5 33.Rxg7 Kxf4 34.Rxf7+ Kxe5
35.Rh7 Kd4 36.Rxh4+ Kd3 37.b4 Rf5 38.Rh7 e5 39.Kb3 e4 40.Rd7+ Ke2 41.a4 e3
42.b5 Rf1 43.Kb2 Rf4 44.Ka3 Kf3 45.Rd1 Rd4 46.Rxd4 e2 47.Rd3+ Kf4 48.Rd4+ Kf5
49.Rd5+ Kf6 50.b6 e1=Q 51.Rb5 Qe7+ 52.Rb4 Qb7 53.Rb5 Ke6 54.h4 Kd6 55.h5 Kc6
56.h6 Qe7+ 57.Kb3 Kb7 58.Rb4 Qe3+ 59.Ka2 Qxh6 60.Rb5 Qe6+ 61.Ka3 Qc4 62.Rb1
Qc3+ 63.Rb3 Qa1+ 64.Kb4 Kxb6 65.Kc4+ Kc6 66.Kb4 Qe1+ 67.Ka3 Kc5 68.Rb5+ Kc4
69.Rb2 Qa1+ {#R} 0-1

[Event "PRO League Group Stage"]
[Site "masterchessopen.com chess.com INT"]
[Date "2017.02.15"]
[Round "6"]
[White "Petrosian,TL"]
[Black "Stukopin,A"]
[Result "1-0"]
[WhiteElo "2592"]
[BlackElo "2586"]

1.Nf3 c5 2.g3 Nc6 3.c4 g6 4.Bg2 Bg7 5.Nc3 Nh6 6.d4 cxd4 7.Nxd4 Nxd4 8.Bxh6
Bxh6 9.Qxd4 O-O 10.O-O d6 11.Rfd1 Bg7 12.Qe3 Be6 13.c5 Bxc3 14.bxc3 Qc7
15.Rab1 Qxc5 16.Qxc5 dxc5 17.Rxb7 Rad8 18.Re1 Rd7 19.Rxd7 Bxd7 20.Rb1 Be6
21.f4 Bxa2 22.Ra1 Bc4 23.Rxa7 e6 24.Kf2 Rb8 25.Ra5 Rb5 26.Ra4 Bb3 27.Ra8+ Kg7
28.Bc6 Rb6 29.Rc8 Bc4 30.Bf3 Rb5 31.g4 e5 32.f5 gxf5 33.gxf5 Kf6 34.Be4 Rb2
35.Rc6+ Kg5 36.Kg3 Bxe2 37.h4+ Kh5 38.Bd5 Rb7 39.Rf6 Rd7 40.Bxf7+ Rxf7 41.Rxf7
Kh6 42.Rf6+ Kg7 43.Re6 Bd3 44.Rxe5 c4 45.Kf4 {#r} 1-0

[Event "PRO League Group Stage"]
[Site "masterchessopen.com chess.com INT"]
[Date "2017.02.15"]
[Round "6"]
[White "Petrosian,TL"]
[Black "Vazquez,Guillermo"]
[Result "0-1"]
[WhiteElo "2592"]
[BlackElo "2437"]

1.Nf3 c5 2.g3 Nc6 3.c4 g6 4.Nc3 Bg7 5.Bg2 d6 6.O-O Nf6 7.d4 cxd4 8.Nxd4 Nxd4
9.Qxd4 O-O 10.Qd3 a6 11.Rd1 Bf5 12.e4 Bg4 13.f3 Be6 14.b3 b5 15.cxb5 axb5
16.Bb2 b4 17.Ne2 Ra5 18.Qd2 Qb6+ 19.Bd4 Qb5 20.Bf1 Qb7 21.Rac1 Rfa8 22.Rc2 Nd7
23.Rdc1 Ne5 24.Bg2 Qa6 25.f4 Nd3 26.Rd1 Nc5 27.Bxg7 Kxg7 28.f5 Bd7 29.f6+ exf6
30.Qxd6 Be6 31.Qxa6 R8xa6 32.Nc1 Nd7 33.Rd4 Rb6 34.Nd3 Rab5 35.Nb2 Ne5 36.Na4
Rc6 37.Rxc6 Nxc6 38.Rd6 Ne5 39.Bf1 Rb8 40.Nc5 Bg4 41.h3 Rc8 42.Nd3 Nxd3
43.Rxd3 Be6 44.Rd2 Rc3 45.Kf2 g5 46.g4 h5 47.Bd3 hxg4 48.hxg4 Bxg4 49.Ke3 Be6
50.Kd4 g4 51.Rd1 Kh6 52.Rh1+ Kg5 53.Rh8 Kf4 54.Rh6 f5 55.Rf6 Kg5 56.e5 g3
57.Bf1 Rf3 58.Bg2 Rf2 59.Bc6 g2 60.Bxg2 Rxg2 61.Kc5 Re2 62.Kd6 f4 63.Ke7 Rxe5
64.a4 bxa3 65.b4 a2 66.b5 a1=Q 67.b6 Qa3+ 68.Kd8 Kxf6 69.b7 Qe7# 0-1

[Event "PRO League Group Stage"]
[Site "masterchessopen.com chess.com INT"]
[Date "2017.02.15"]
[Round "6"]
[White "Gareev,T"]
[Black "Chirila,I"]
[Result "1-0"]
[WhiteElo "2617"]
[BlackElo "2533"]

1.d4 Nf6 2.Bf4 g6 3.e3 Bg7 4.Nf3 d6 5.Be2 O-O 6.O-O c5 7.c3 Qb6 8.Qb3 Be6
9.Qa3 cxd4 10.exd4 Nd5 11.Bg3 Bh6 12.Re1 Nf4 13.Bf1 Nc6 14.Nbd2 Rfe8 15.Rad1
Bf5 16.Nc4 Qd8 17.Ne3 Bd7 18.d5 Nb8 19.Qb4 Nh5 20.Qxb7 Nxg3 21.hxg3 Qb6
22.Qxa8 Na6 23.Nc4 Qc7 24.Qxe8+ Bxe8 25.b4 Bb5 26.Re4 f5 27.Rh4 Bg7 28.Nd4 Ba4
29.Re1 Bf6 30.Rf4 Qc8 31.Rf3 Nc7 32.Ne3 Qb7 33.a3 Nb5 34.Nxb5 Bxb5 35.c4 Bd7
36.c5 Ba4 37.c6 Qc8 38.b5 Qc7 39.Rf4 Bc3 40.Rb1 Qa5 41.Rxa4 {#r} 1-0

[Event "PRO League Group Stage"]
[Site "masterchessopen.com chess.com INT"]
[Date "2017.02.15"]
[Round "6"]
[White "Taghizadeh,Rayan"]
[Black "Toolin,C"]
[Result "1-0"]
[WhiteElo "2317"]
[BlackElo "2209"]

1.e4 c5 2.Nf3 e6 3.g3 Nc6 4.Bg2 d6 5.O-O Nf6 6.Nc3 Be7 7.d4 cxd4 8.Nxd4 e5
9.Nf5 Bxf5 10.exf5 O-O 11.g4 Nd7 12.Be3 Nb6 13.b3 Rc8 14.Qd2 Nd4 15.Bxd4 exd4
16.Nb5 Bf6 17.Rad1 Re8 18.Nxa7 Rc5 19.a4 h5 20.h3 hxg4 21.hxg4 Rce5 22.Rde1
Bg5 23.Qd1 Bf4 24.Rxe5 dxe5 25.Re1 Qh4 26.Nb5 Rd8 27.Qf3 Nd5 28.Qh3 Qf6 29.Rd1
Bg5 30.Bxd5 Rxd5 31.Nc3 Rd8 32.Ne4 Qe7 33.Kg2 f6 34.Rh1 Bh6 35.g5 fxg5 36.f6
Qd7 37.Qh5 Qf7 38.Qg4 Qd7 39.Qh5 Qf7 40.fxg7 d3 41.Qxh6 Qxg7 42.Qe6+ Kf8
43.cxd3 Rxd3 44.Nf6 Qf7 45.Rh8+ Kg7 46.Rh7+ {#r} 1-0

[Event "PRO League Group Stage"]
[Site "masterchessopen.com chess.com INT"]
[Date "2017.02.15"]
[Round "6"]
[White "Tarjan,J"]
[Black "Shabalov,A"]
[Result "0-1"]
[WhiteElo "2406"]
[BlackElo "2563"]

1.c4 e5 2.g3 f5 3.Bg2 Nf6 4.Nc3 c6 5.d4 d6 6.dxe5 dxe5 7.Qxd8+ Kxd8 8.b3 Bc5
9.Bb2 Be6 10.Nf3 Nbd7 11.O-O Re8 12.e4 fxe4 13.Ng5 e3 14.Nxe6+ Rxe6 15.fxe3
Bxe3+ 16.Kh1 Kc7 17.Rad1 Bd4 18.Bh3 Re7 19.Ba3 Bc5 20.Bc1 h6 21.Kg2 a6 22.Bf5
b5 23.cxb5 axb5 24.Bb1 Nb6 25.h3 b4 26.Ne2 Nbd5 27.Rd3 e4 28.Rdd1 e3 29.Rfe1
Ne4 30.Bb2 Nd2 31.Nf4 Nc3 32.Bxc3 bxc3 33.Re2 g5 34.Nd3 Bd4 35.a4 Rf7 36.Bc2
c5 37.g4 Kd6 38.Ra1 Rb7 39.Rae1 Nxb3 40.Rf1 c4 41.Nc1 Nd2 42.Rf5 Rb2 {#R} 0-1

[Event "PRO League Group Stage"]
[Site "masterchessopen.com chess.com INT"]
[Date "2017.02.15"]
[Round "6"]
[White "Cornette,M"]
[Black "Ajibola,Olanrewaju"]
[Result "1-0"]
[WhiteElo "2586"]
[BlackElo "2192"]

1.e4 e5 2.Nf3 f5 3.d3 Nc6 4.Nc3 Nf6 5.g3 fxe4 6.dxe4 Bc5 7.Bg2 d6 8.h3 a6
9.O-O O-O 10.Nh4 Qe8 11.Kh2 Be6 12.Nd5 Qf7 13.Bg5 Bxd5 14.exd5 Ne7 15.c4 Bd4
16.Qd2 h6 17.Be3 Bxe3 18.fxe3 g5 19.Nf5 Nxf5 20.Rxf5 Qg6 21.Raf1 Rf7 22.R1f2
b6 23.Qd3 Raf8 24.Qf1 Kg7 25.c5 dxc5 26.g4 a5 27.Kg1 Ne8 28.Be4 Rxf5 29.Bxf5
Qf6 30.e4 Nd6 31.b3 b5 32.Rf3 c4 33.Qe1 cxb3 34.axb3 b4 35.Qc1 Nxf5 36.Rxf5
Qb6+ 37.Kg2 Rxf5 38.gxf5 Kf6 39.Kf3 Ke7 40.h4 gxh4 41.Kg4 Kd8 42.Kxh4 Qf2+
43.Kh5 Qf4 44.Qg1 Qg5+ 45.Qxg5+ hxg5 46.Kg6 {#r} 1-0

[Event "PRO League Group Stage"]
[Site "masterchessopen.com chess.com INT"]
[Date "2017.02.15"]
[Round "6"]
[White "Fridman,D"]
[Black "Gozzoli,Y"]
[Result "0-1"]
[WhiteElo "2594"]
[BlackElo "2583"]

1.d4 d5 2.Nf3 Nf6 3.c4 c6 4.Nc3 a6 5.Qc2 dxc4 6.e4 b5 7.b3 b4 8.Nd1 c3 9.a3 e6
10.axb4 Bxb4 11.Ba3 c5 12.dxc5 Bxa3 13.Rxa3 Bb7 14.Nxc3 O-O 15.Bd3 Nc6 16.Na2
Nd4 17.Nxd4 Qxd4 18.Ra4 Qa1+ 19.Nc1 Qe5 20.O-O Rfc8 21.Rc4 Bc6 22.f3 a5 23.Kh1
h5 24.Qf2 Rab8 25.f4 Qc7 26.e5 Ng4 27.Qe2 Qd8 28.h3 Qh4 29.Kg1 Bd5 30.Rc3 Nh6
31.Be4 Bxe4 32.Qxe4 Nf5 33.c6 Rb4 34.Qe1 Qd8 35.Nd3 Rd4 36.Nb2 Rd2 37.Na4 Qd5
38.Rcf3 Rxc6 39.Kh2 Rcc2 40.R3f2 Qd4 41.Rxd2 Rxd2 42.Rf3 Rd1 43.Qf2 Qa1 44.g3
h4 45.g4 Ng3 46.Kg2 Ne4 {#R} 0-1

[Event "PRO League Group Stage"]
[Site "masterchessopen.com chess.com INT"]
[Date "2017.02.15"]
[Round "6"]
[White "Burg,T"]
[Black "Rendle,T"]
[Result "0-1"]
[WhiteElo "2508"]
[BlackElo "2356"]

1.e4 e6 2.d4 d5 3.Nd2 Nc6 4.Ngf3 Nf6 5.e5 Nd7 6.Bd3 f6 7.Ng5 Ndxe5 8.dxe5 fxg5
9.Qh5+ g6 10.Bxg6+ Kd7 11.c4 Nxe5 12.Bc2 Qf6 13.O-O Bd6 14.b4 Ng6 15.Nb3 Nf4
16.Bxf4 Qxf4 17.c5 Be7 18.g3 Qxb4 19.Rfe1 Rf8 20.Re2 Qc3 21.Rae1 Kd8 22.Bxh7
Qf6 23.Qg6 a5 24.Qc2 a4 25.Nc1 Rh8 26.Bd3 Ra5 27.c6 b6 28.Qd1 Bc5 29.Kg2 Qh6
30.Rh1 Qh3+ 31.Kg1 Rf8 32.Be4 Qg4 33.Nd3 Bd4 34.Bg2 Ba6 35.Qd2 Qf5 36.Ne1 Bxe2
37.Qxd4 Rc5 38.h4 g4 39.Qe3 Bb5 40.h5 e5 41.h6 d4 42.Qd2 Bxc6 43.h7 Rh8 44.Qh6
Bxg2 45.Qg7 Rf8 46.h8=Q Qxf2+ 47.Kh2 Bh3+ 48.Ng2 Qxg2# 0-1

[Event "PRO League Group Stage"]
[Site "masterchessopen.com chess.com INT"]
[Date "2017.02.15"]
[Round "6"]
[White "Bhat,V"]
[Black "Toolin,C"]
[Result "1-0"]
[WhiteElo "2519"]
[BlackElo "2209"]

1.d4 Nf6 2.c4 e6 3.Nf3 d5 4.Nc3 Bb4 5.cxd5 exd5 6.Bg5 Nbd7 7.e3 c5 8.Bd3 Qa5
9.O-O c4 10.Bc2 Bxc3 11.bxc3 O-O 12.Qc1 Ne4 13.Be7 Re8 14.Bb4 Qc7 15.Nd2 a5
16.Bxe4 dxe4 17.Ba3 Ra6 18.Qb1 Rh6 19.g3 Qc6 20.f3 exf3 21.Rxf3 Nf6 22.Qf1 b5
23.Re1 Bb7 24.e4 Qd7 25.Rf4 b4 26.Bb2 Ng4 27.Nf3 f6 28.Qxc4+ Kh8 29.cxb4 Nxh2
30.Nxh2 Qh3 31.Nf1 Qh1+ 32.Kf2 g5 33.Qf7 Rg8 34.Rxf6 Rh2+ 35.Nxh2 Qxh2+ 36.Kf3
g4+ 37.Kf4 Qf2+ 38.Ke5 Qxg3+ 39.Ke6 Bc8+ 40.Kd5 Rd8+ 41.Kc4 Ba6+ 42.Rxa6 Rc8+
43.Kb5 Qb8+ 44.Rb6 Qa8 45.d5+ {#r} 1-0

[Event "PRO League Group Stage"]
[Site "masterchessopen.com chess.com INT"]
[Date "2017.02.15"]
[Round "6"]
[White "Bhat,V"]
[Black "Li,Ruifeng"]
[Result "0-1"]
[WhiteElo "2519"]
[BlackElo "2564"]

1.d4 d5 2.c4 c6 3.Nc3 Nf6 4.e3 e6 5.Nf3 Nbd7 6.Qc2 Bd6 7.g4 h6 8.Rg1 Qe7 9.Bd2
dxc4 10.Bxc4 b5 11.Be2 Bb7 12.e4 e5 13.dxe5 Nxe5 14.Nd4 g6 15.O-O-O b4 16.Na4
c5 17.Nb5 Bxe4 18.Nxd6+ Qxd6 19.Qb3 Bd5 20.Qe3 O-O 21.g5 hxg5 22.f4 gxf4
23.Qxf4 Nc4 24.Bxc4 Qxf4 25.Bxf4 Bxc4 26.b3 Be2 27.Rd2 Rfe8 28.Nxc5 Rac8
29.Rc2 Nd5 30.Bd2 a5 31.Kb2 Bf3 32.Rg3 Bd1 33.Rc4 Be2 34.Rc1 Bb5 35.Rg2 Rc7
36.a4 bxa3+ 37.Kxa3 Rec8 38.b4 axb4+ 39.Bxb4 Ra8+ 40.Kb3 Rb8 41.Rd2 Ba4+
42.Kxa4 Rxb4+ 43.Ka5 Ra7+ 44.Na6 Rb6 {#R} 0-1

[Event "PRO League Group Stage"]
[Site "masterchessopen.com chess.com INT"]
[Date "2017.02.15"]
[Round "6"]
[White "Shen,V"]
[Black "Shen,Christopher Y"]
[Result "0-1"]
[WhiteElo "2406"]
[BlackElo "2165"]

1.d4 d6 2.e4 g6 3.Nc3 Bg7 4.Be3 Nf6 5.f3 Nbd7 6.Qd2 e5 7.d5 O-O 8.g4 h5 9.h3
a5 10.O-O-O Nc5 11.Nge2 b6 12.Ng3 h4 13.Nge2 Nh7 14.f4 f6 15.Bf2 Bh6 16.Bxh4
exf4 17.Nd4 g5 18.Bf2 Re8 19.Bb5 Nxe4 20.Nxe4 Rxe4 21.Qd3 Re5 22.Nc6 Qf8
23.Qg6+ Qg7 24.Nxe5 fxe5 25.Qe8+ Qf8 26.Qc6 Ra7 27.Kb1 Nf6 28.Rhe1 Bd7 29.Qc4
Bxb5 30.Qxb5 Qe8 31.Qc4 Bg7 32.Qe2 e4 33.Bd4 e3 34.h4 Ne4 35.hxg5 Ra8 36.Ka1
Nxg5 37.Bxg7 Kxg7 38.Qc4 Qf7 39.Rh1 Re8 40.Rh5 Qf6 41.Qxc7+ Re7 42.Qc8 e2
43.Re1 f3 44.Rh8 Qf7 45.Rh2 Re8 46.Qc3+ Qf6 47.Qc7+ Qf7 48.Qxb6 Qxd5 49.Rhh1
Kg6 50.Qf2 Qf7 51.Qh2 Kf6 52.Qxd6+ Re6 53.Qd8+ Kg6 54.Qh8 Qg7 55.Qh5+ Kf6
56.Qh4 Kf7 57.Rh2 Rf6 58.Qf2 Ne4 59.Qa7+ Kg6 60.Qd4 Qe7 61.Qd3 f2 62.Qxe2
fxe1=Q+ 63.Qxe1 Qd6 64.Re2 Ng3 65.Rd2 Qxd2 {#R} 0-1

[Event "PRO League Group Stage"]
[Site "masterchessopen.com chess.com INT"]
[Date "2017.02.15"]
[Round "6"]
[White "Vovk,A"]
[Black "Pichot,A"]
[Result "0-1"]
[WhiteElo "2633"]
[BlackElo "2548"]

1.e4 c5 2.Nf3 Nc6 3.d4 cxd4 4.Nxd4 Qb6 5.Nb3 Nf6 6.Nc3 e6 7.Be3 Qc7 8.Bd3 a6
9.f4 b5 10.a3 d6 11.Qf3 Bb7 12.g4 Nd7 13.g5 Nc5 14.Qh3 b4 15.axb4 Nxb4 16.Nxc5
dxc5 17.O-O-O c4 18.Be2 Qa5 19.Kb1 Bc5 20.g6 Bxe3 21.gxf7+ Ke7 22.Qxe3 Qa1+
23.Kxa1 Nxc2+ 24.Kb1 Nxe3 25.Rd4 Ng2 26.Rhd1 Bc6 27.Bxc4 Nxf4 28.e5 g5 29.Rd6
Rac8 30.Bxa6 Rc7 31.Bc4 Kxf7 32.b3 Ke7 33.Kb2 h5 34.R1d4 Rf8 35.b4 Rb8 36.Kb3
Bd7 37.Ne4 Ng6 38.Nxg5 Nxe5 39.Bxe6 Be8 40.Bh3 Bf7+ 41.Nxf7 Nxf7 42.R6d5 Kf6
43.Rxh5 Re8 44.Rf5+ Kg7 45.Rf3 Re1 46.Bf5 Ne5 47.Rg3+ Kf6 48.Bc2 Rf1 49.h4 Rf2
50.Rc3 Rg7 51.b5 Rb7 52.Rb4 Ke6 53.b6 Nd7 54.Rc6+ Ke7 55.Be4 Rb8 56.Rc7 Kd6
57.Rd4+ Ke5 58.Rcxd7 Rxb6+ 59.Kc3 Ra6 60.R7d5+ Kf6 61.Bd3 Ra3+ 62.Kb4 Ra8
63.h5 Rb8+ 64.Rb5 Rb2+ 65.Kc5 Rc8+ 66.Kb6 Rb8+ 67.Kc6 Rc8+ 68.Kd7 Rxb5 69.Bxb5
Rc5 70.Be2 Re5 71.Bg4 Kg5 72.Kd6 Re8 73.Ra4 Rd8+ 74.Ke7 Rd3 75.Kf7 Rb3 76.Ra5+
Kh6 77.Re5 Rb7+ 78.Kf6 Rb6+ 79.Be6 Rb8 80.Rd5 Rf8+ 81.Bf7 Ra8 82.Re5 Ra6+
83.Kf5 Ra1 84.Rd5 Rf1+ 85.Ke6 Re1+ 86.Kd6 Rf1 87.Bg6 Rf6+ 88.Ke5 Rf1 89.Rd7
Re1+ 90.Kf6 Rf1+ 91.Ke6 Rf8 92.Rh7+ Kg5 93.Bf7 Ra8 94.Rg7+ Kh6 95.Rg6+ Kh7
96.Rg3 Ra6+ 97.Kf5 Kh6 98.Bg6 Rf6+ 99.Ke5 Rf1 100.Rc3 Rf8 101.Rc7 Rf1 102.Rh7+
Kg5 103.Rh8 Re1+ 104.Be4 Ra1 105.h6 Ra5+ 106.Bd5 Kg6 107.Ke6 Ra6+ 108.Ke5 Ra5
109.Kd6 Ra6+ 110.Ke7 Ra7+ 111.Kf8 Rd7 112.Be4+ Kf6 113.Kg8 Rd8+ 114.Kh7 Rd7+
115.Kg8 Rd8+ {#R} 0-1

[Event "PRO League Group Stage"]
[Site "masterchessopen.com chess.com INT"]
[Date "2017.02.15"]
[Round "6"]
[White "Salinas Herrera,P"]
[Black "Sambuev,B"]
[Result "1-0"]
[WhiteElo "2464"]
[BlackElo "2539"]

1.d4 e6 2.c4 Nf6 3.Nc3 Bb4 4.e3 c5 5.Nf3 Nc6 6.Bd3 Bxc3+ 7.bxc3 d6 8.O-O e5
9.e4 h6 10.d5 Ne7 11.Rb1 g5 12.Ne1 Ng6 13.g3 Qe7 14.Ng2 Bh3 15.f3 O-O-O 16.Rf2
Kb8 17.Ne3 Qd7 18.Rfb2 Ka8 19.Rxb7 Qxb7 20.Rxb7 Kxb7 21.Qa4 Bd7 22.Qa5 Ne7
23.Bc2 Rb8 24.Ba3 Rhc8 25.Ng2 Ka8 26.Bc1 Rb6 27.Bb3 Rg8 28.Qa3 h5 29.Bc2 h4
30.Be3 hxg3 31.hxg3 Nh5 32.Kf2 g4 33.f4 exf4 34.gxf4 g3+ 35.Kg1 Rgb8 36.e5 Rb2
37.Be4 Bf5 38.Bc1 R2b6 39.Bf3 Rb1 40.exd6 Nc8 41.d7 Nd6 42.Ne3 Be4 43.Bxh5 Rh8
44.Nf1 g2 45.Nd2 Nb7 46.Nxe4 Rxh5 47.Kxg2 Rb6 48.Be3 Rg6+ 49.Ng5 Rgh6 50.Bxc5
Rh2+ 51.Kg3 a6 52.d6 Rd2 53.Qxa6+ {#r} 1-0

[Event "PRO League Group Stage"]
[Site "masterchessopen.com chess.com INT"]
[Date "2017.02.15"]
[Round "6"]
[White "Norowitz,Yaacov"]
[Black "Pichot,A"]
[Result "0-1"]
[WhiteElo "2429"]
[BlackElo "2548"]

1.d4 Nf6 2.Nf3 e6 3.c4 d5 4.Nc3 dxc4 5.Qa4+ Nbd7 6.Qxc4 c5 7.Bg5 a6 8.Bxf6
Qxf6 9.Ne4 Qf4 10.Nfd2 b5 11.Qc3 cxd4 12.Qxd4 Bb7 13.g3 Qe5 14.Qxe5 Nxe5
15.Bg2 O-O-O 16.f4 Ng4 17.Bf3 f5 18.Rc1+ Kb8 19.Nc5 Bxc5 20.Rxc5 Rc8 21.Nb3
Ne3 22.Re5 Bxf3 23.exf3 Nc4 24.Re2 Rhd8 25.Kf2 a5 26.Rhe1 a4 27.Na1 Rd2 28.b3
Rxe2+ 29.Rxe2 Na3 30.bxa4 bxa4 31.Rb2+ Ka7 32.Rb4 Rc4 33.Rxc4 Nxc4 34.Nc2 Kb6
35.Nd4 Kc5 36.Nxe6+ Kb4 37.Nxg7 Ka3 38.Nxf5 Kxa2 39.Ne3 Kb3 40.f5 a3 41.Nxc4
a2 42.Nd2+ Kc2 43.Ne4 a1=Q 44.g4 Qe5 45.Kg2 Kd3 46.f6 Qf4 47.h4 Ke3 {#R} 0-1

[Event "PRO League Group Stage"]
[Site "masterchessopen.com chess.com INT"]
[Date "2017.02.15"]
[Round "6"]
[White "Zhou,Y"]
[Black "Thorfinnsson,Bj"]
[Result "1-0"]
[WhiteElo "2462"]
[BlackElo "2404"]

1.e4 e5 2.Nf3 Nc6 3.Bc4 Nf6 4.d3 h6 5.c3 d6 6.Nbd2 g6 7.O-O Bg7 8.a4 O-O 9.Re1
Nh5 10.Nf1 Qf6 11.Ne3 Nf4 12.Nd5 Nxd5 13.Bxd5 Ne7 14.Ba2 g5 15.Nd2 Ng6 16.Nf1
Nf4 17.Ng3 Qg6 18.d4 h5 19.Bb1 Bg4 20.f3 Bd7 21.Nf5 Rfe8 22.g3 Ne6 23.d5 Nf8
24.c4 Nh7 25.b4 a5 26.b5 Bh6 27.g4 Bf8 28.Ra2 c6 29.Rg2 Kh8 30.h4 Be7 31.gxh5
Qxh5 32.hxg5 Bxg5 33.f4 Qxd1 34.Rxd1 Bxf4 35.Nxd6 Re7 36.Bxf4 exf4 37.e5 Rf8
38.Rh2 f5 39.e6 Rg7+ 40.Kf2 {#r} 1-0

[Event "PRO League Group Stage"]
[Site "masterchessopen.com chess.com INT"]
[Date "2017.02.15"]
[Round "6"]
[White "Makoto,R"]
[Black "Chakravarthi,Y"]
[Result "1-0"]
[WhiteElo "2403"]
[BlackElo "2047"]

1.Nf3 d5 2.d4 c6 3.g3 Nf6 4.Bg2 g6 5.c4 Bg7 6.cxd5 cxd5 7.O-O O-O 8.Ne5 b6
9.Nc3 Bb7 10.b3 Nbd7 11.f4 Ne4 12.Nxe4 dxe4 13.Ba3 f6 14.Nc4 a5 15.Nd2 f5
16.e3 Nf6 17.Rc1 Nd5 18.Re1 Ba6 19.g4 Qd7 20.h4 Rfc8 21.Nc4 b5 22.Nxa5 b4
23.Bb2 Bd3 24.Rxc8+ Qxc8 25.Nc4 Bxc4 26.bxc4 Qxc4 27.Bf1 Qxa2 28.Qc2 Qa4
29.Qc4 Qd7 30.h5 e6 31.hxg6 hxg6 32.gxf5 gxf5 33.Qb3 Bf6 34.Re2 Kf7 35.Rg2 Qa4
36.Qc4 Qd7 37.Qb3 Rg8 38.Bc4 Rxg2+ 39.Kxg2 Be7 40.Bc1 Nb6 41.Be2 Qa4 42.Bh5+
Kf8 43.Qxe6 Qc2+ 44.Kg3 Qc4 45.Qxf5+ Kg7 46.Qg6+ Kh8 47.Qxb6 Bf8 48.Qd8 Kg8
49.Qg5+ Kh8 50.Qe5+ Bg7 51.Qe8+ Kh7 52.Bg6+ Kh6 53.Bxe4 Qa6 54.Qc6+ Qxc6
55.Bxc6 Kg6 56.Bd5 Bf6 57.Kf3 Kg7 58.Bd2 Be7 59.e4 Kf6 60.Bb3 Bf8 61.e5+ Kf5
62.Bc2+ Ke6 63.f5+ Kd5 64.Ke3 Kc4 65.Bd3+ Kd5 66.Be4+ Kc4 67.d5 b3 68.d6 Kc5
69.Kd3 Bxd6 70.exd6 Kxd6 71.Bb4+ Ke5 72.Bc3+ Kd6 73.Kc4 Ke7 74.Kd5 Kf7 75.Ke5
Kf8 76.f6 Kg8 77.Ke6 Kf8 78.Bb4+ Ke8 79.f7+ Kd8 80.Bd6 b2 81.f8=Q# 1-0

[Event "PRO League Group Stage"]
[Site "masterchessopen.com chess.com INT"]
[Date "2017.02.15"]
[Round "6"]
[White "Makoto,R"]
[Black "Dhulipalla,Bala Chandra Prasad"]
[Result "0-1"]
[WhiteElo "2403"]
[BlackElo "2353"]

1.Nf3 Nc6 2.d4 d5 3.Nc3 Bg4 4.Bf4 e6 5.e3 Bb4 6.a3 Bxc3+ 7.bxc3 Nge7 8.c4 O-O
9.h3 Bh5 10.Bd3 Ng6 11.Bh2 Nh4 12.g4 Nxf3+ 13.Qxf3 Bg6 14.O-O Na5 15.cxd5 exd5
16.Rab1 c6 17.Qf4 b6 18.Qd6 Qh4 19.Qg3 Qe7 20.h4 Bxd3 21.cxd3 Qxa3 22.Rfd1 f5
23.g5 f4 24.exf4 Qc3 25.Qf3 Nb3 26.f5 Nxd4 27.Qg4 Rxf5 28.Bg3 Raf8 29.Rbc1
Nf3+ 30.Kg2 Qd4 31.Qxd4 Nxd4 32.Ra1 R5f7 33.Ra2 Nf5 34.Rda1 Nxg3 35.fxg3 Rb8
36.Rxa7 Rxa7 37.Rxa7 b5 38.Rc7 b4 39.Rxc6 b3 40.Rc1 Kf7 41.Kf3 Ke6 42.g4 Ke5
43.Ke3 b2 44.Rb1 d4+ 45.Kf3 Rb3 46.Re1+ Kd5 47.Rb1 Rxd3+ 48.Kf4 Rb3 49.h5 g6
50.h6 Kc4 51.Ke5 Kc3 52.Kf6 d3 53.Kg7 Rb7+ 54.Kh8 d2 {#R} 0-1

[Event "WCh Women 2017"]
[Site "masterchessopen.com Tehran IRI"]
[Date "2017.02.14"]
[Round "2.1"]
[White "Zhu Chen"]
[Black "Ju Wenjun"]
[Result "0-1"]
[WhiteElo "2419"]
[BlackElo "2583"]

1.d4 Nf6 2.c4 e6 3.Nc3 Bb4 4.f3 d5 5.a3 Bxc3+ 6.bxc3 O-O 7.cxd5 exd5 8.e3 Nh5
9.g4 Qh4+ 10.Kd2 Ng3 11.Qe1 Nxf1+ 12.Qxf1 f5 13.gxf5 Bxf5 14.c4 c5 15.Bb2 cxd4
16.Bxd4 Nc6 17.Ne2 dxc4 18.Qg2 Bg6 19.Rac1 b5 20.f4 Nxd4 21.Nxd4 Rad8 22.Rhf1
Qf6 23.Qg1 Qa6 24.Rc3 b4 25.axb4 Qa2+ 26.Kd1 Qb1+ {#R} 0-1

[Event "WCh Women 2017"]
[Site "masterchessopen.com Tehran IRI"]
[Date "2017.02.14"]
[Round "2.1"]
[White "Muzychuk,A"]
[Black "Kashlinskaya,A"]
[Result "1-0"]
[WhiteElo "2558"]
[BlackElo "2418"]

1.e4 e5 2.Nf3 Nc6 3.Bc4 Bc5 4.O-O Nf6 5.d3 a6 6.c3 Ba7 7.Nbd2 O-O 8.h3 d6
9.Bb3 Nh5 10.Re1 Nf4 11.Nf1 Qf6 12.Ng3 h5 13.d4 h4 14.Nf5 g6 15.Bxf4 gxf5
16.dxe5 dxe5 17.Bg5 Qg6 18.exf5 Bxf5 19.Qc1 Bd3 20.Nxh4 Qh5 21.Bf6 Kh7 22.Bc2
Bg6 23.Re4 Rae8 24.Nf3 {#r} 1-0

[Event "WCh Women 2017"]
[Site "masterchessopen.com Tehran IRI"]
[Date "2017.02.14"]
[Round "2.1"]
[White "Zimina,O"]
[Black "Dzagnidze,N"]
[Result "0-1"]
[WhiteElo "2401"]
[BlackElo "2525"]

1.Nf3 d5 2.g3 Bg4 3.Bg2 c6 4.c4 e6 5.O-O Nd7 6.d4 Bd6 7.Qb3 Qb6 8.Nc3 Ngf6
9.c5 Qxb3 10.axb3 Bc7 11.b4 Ne4 12.Re1 Bxf3 13.Bxf3 f5 14.Bxe4 fxe4 15.b5 a6
16.b4 Kf7 17.bxc6 bxc6 18.Ra4 e5 19.Be3 Nf8 20.b5 Ne6 21.b6 exd4 22.Bxd4 Nxd4
23.Rxd4 Be5 24.Red1 a5 25.e3 Bxd4 26.exd4 a4 27.Ra1 a3 28.Ra2 Ke6 29.f3 exf3
30.Kf2 Rhf8 31.Nb1 Kd7 32.Nd2 g5 33.h3 h5 34.g4 hxg4 35.hxg4 Ra4 36.Nxf3 Rxd4
37.Rxa3 Rxg4 38.Ke2 Rg2+ 39.Ke1 Re8+ 40.Kf1 Rg4 41.Ra7+ Ke6 42.Rc7 Kf5 43.b7
Rb8 44.Kf2 Rb4 45.Rf7+ Ke4 46.Re7+ Kd3 47.Ne5+ Kc3 48.Nxc6 Rb2+ 49.Kf3 R8xb7
50.Re3+ Kc4 51.Na5+ Kd4 52.Nc6+ Kxc5 53.Ne5 R2b3 54.Nd7+ Kd6 55.Nf6 Rxe3+
56.Kxe3 Rb4 {#R} 0-1